Visualizzazione normale
Vista MARC
- Righetti Pier Luigi, Luisi Serena
di Personal Name
Records bibliografici associati: 1
001 - CONTROL NUMBER
- control field: 59576
003 - CONTROL NUMBER IDENTIFIER
- control field:
005 - DATE AND TIME OF LATEST TRANSACTION
- control field: 20230306115104.0
008 - FIXED-LENGTH DATA ELEMENTS
- fixed length control field: 230306|| aca||aabn | a|a d
040 ## - CATALOGING SOURCE
- Original cataloging agency:
- Transcribing agency:
100 ## - HEADING--PERSONAL NAME
- Personal name: Righetti Pier Luigi, Luisi Serena
670 ## - SOURCE DATA FOUND
- Source citation: Work cat.: ()210770: Righetti Pier Luigi, Luisi Serena, La procreazione assistita., 2007